| 000 | 00393nam a2200157Ia 4500 | ||
|---|---|---|---|
| 008 | 160316s1982 xxu||||| |||| 00| 0 eng d | ||
| 082 |
_a344.046000 _bABR |
||
| 100 | _aAbreo Desmond D | ||
| 245 | _aPeople and forests | ||
| 250 | _a | ||
| 260 |
_aDelhi _bIndian Social Institute _c1982 |
||
| 300 |
_a49p _b _c |
||
| 365 | _bRs.7.50 | ||
| 650 | _a1.Environment - People - Forests | ||
| 700 |
_a _a |
||
| 999 |
_c1579 _d1579 |
||